| 000 | 01004 a2200217 4500 | ||
|---|---|---|---|
| 001 | 54339 | ||
| 005 | 20260407155815.0 | ||
| 008 | 260407a1977 arg spa d | ||
| 003 | AR-UNSa-BCEJYS | ||
| 040 |
_aAR-UNSa-BCEJYS _bspa _cAR-UNSa-BCEJYS |
||
| 080 |
_a330.43 _xEconometría |
||
| 245 | 1 | 0 |
_aAnálise de regressão _pUma introdução à econometria |
| 264 | 1 |
_aSan Pablo : _bHUCITEC _c1977 |
|
| 300 |
_axvi, 339 p. _c21 cm. |
||
| 505 | _a1. Introdução e conceitos estatisticos básicos – 2. Regressão linear simple – 3. Correlação – 4. Regressão linear multipla – 5. Uso de variaveis binãrias – 6. Heterocedastica – 7. Minimos quadrados generalizados e autocorrelação nos residuos – 8. Erros nas variãveis independientes e variãveis defasadas – 9. Equaçoes simultãneas – 10. Regressão assintotica – 11. Outros tópicos. | ||
| 041 | _aspa | ||
| 942 | _cBK | ||
| 590 | _aniveau_biblio:m niveau_hierar:0 | ||
| 100 | 1 | _aHoffmann, Rodolfo | |
| 700 | 1 | _aVieira, Sonia | |
| 999 |
_c5501 _d5501 |
||